Harry's Hogwarts Houses II Quiz Stats

 Plays Quiz Updated Jun 5, 2019

Support Sporcle.
Go Orange.
Score 0/11 Timer 04:00
5 Plays Today
% Correct
Padma Patil
81.1%
Hannah Abbott
77.7%
Justin Finch-Fletchley
74.7%
Ernie Macmillan
72.1%
Susan Bones
71.3%
Terry Boot
52.7%
Michael Corner
51.7%
Anthony Goldstein
41.1%
Lisa Turpin
17%
Mandy Brocklehurst
15.9%
Morag MacDougal
11.9%

You're not logged in!

Compare scores with friends on all Sporcle quizzes.
OR
Log In

From the Vault

US Presidents by Picture

by baseball4825

We really miss presidents with facial hair. They really need to make a comeback.
Remove Ads.
Support Sporcle.
Get the best of Sporcle when you Go Orange. This ad-free experience offers more features, more stats, and more fun while also helping to support Sporcle. Thank you for becoming a member.

Show Comments

Extras

Top Quizzes Today


Score Distribution

Your Account Isn't Verified!

In order to create a playlist on Sporcle, you need to verify the email address you used during registration. Go to your Sporcle Settings to finish the process.

Report this User

Report this user for behavior that violates our Community Guidelines.

Details: